ბათუმის შოთა რუსთაველის სახელმწიფო უნივერსიტეტის ბიბლიოთეკა

დაყირავებული ხე (ბიბ.ჩანაწერი № 50062)

000 -LEADER
fixed length control field 00685nam a2200205Ia 4500
001 - CONTROL NUMBER
control field 17000
003 - CONTROL NUMBER IDENTIFIER
control field GE_BSU
008 - FIXED-LENGTH DATA ELEMENTS--GENERAL INFORMATION
fixed length control field 181216s||||||||xx |||||||||||||| ||und||
040 ## - CATALOGING SOURCE
Transcribing agency GE_BSU
080 ## - UNIVERSAL DECIMAL CLASSIFICATION NUMBER
Universal Decimal Classification number 82-93:821.21-3 + 82-93:821.21-34
100 ## - MAIN ENTRY--PERSONAL NAME
Personal name ჩანდრი, კრიშან
245 ## - TITLE STATEMENT
Title დაყირავებული ხე
245 ## - TITLE STATEMENT
Remainder of title მოთხრობა-ზღაპარი
245 ## - TITLE STATEMENT
Statement of responsibility, etc. თარგმნ. მ. კიკნაძემ. რედ. ა საყვარელიძე
260 ## - PUBLICATION, DISTRIBUTION, ETC.
Place of publication, distribution, etc. თბილისი
260 ## - PUBLICATION, DISTRIBUTION, ETC.
Name of publisher, distributor, etc. საბლიტგამი
260 ## - PUBLICATION, DISTRIBUTION, ETC.
Date of publication, distribution, etc. 1959
300 ## - PHYSICAL DESCRIPTION
Extent 120გვ. : ილ. ; 22სმ.
942 ## - ADDED ENTRY ELEMENTS (KOHA)
Koha item type წიგნი
ეგზემპლარები
Withdrawn status Lost status Damaged status Not for loan Date acquired Barcode Date last seen Price effective from Koha item type
        2018-12-17 21836 2018-12-17 2018-12-17 წიგნი